Human Resource Management / A Contemporary Perspective: Second Edition (Record no. 929)
[ view plain ]
| 000 -LEADER | |
|---|---|
| fixed length control field | 01540cam a22002174a 4500 |
| 005 - ΗΜΕΡΟΜΗΝΙΑ ΚΑΙ ΩΡΑ ΤΕΛΕΥΤΑΙΑΣ ΕΝΗΜΕΡΩΣΗΣ | |
| Πεδίο ελέγχου | 20250605163950.0 |
| 008 - FIXED-LENGTH DATA ELEMENTS--GENERAL INFORMATION | |
| Πεδίο ελέγχου σταθερού μήκους | 250528s ||||||||||||||||||||||||d |
| 035 ## - SYSTEM CONTROL NUMBER | |
| System control number | 15339 |
| 020 ## - ISBN | |
| ISBN | 273622307 |
| 040 ## - ΠΗΓΗ ΚΑΤΑΛΟΓΟΓΡΑΦΗΣΗΣ | |
| Φορέας πρωτότυπης καταλογογράφησης | MC Athens Campus Library |
| Γλώσσα καταλογογράφησης | Ελληνικά, Μοντέρνα (1453-) |
| Modifying agency | MC Athens Campus Library |
| Κανόνες περιγραφικής καταλογογράφησης | AACR2 |
| 245 1# - ΤΙΤΛΟΣ ΚΑΙ ΔΗΛΩΣΗ ΥΠΕΥΘΥΝΟΤΗΤΑΣ | |
| Τίτλος | Human Resource Management / A Contemporary Perspective: Second Edition |
| 250 ## - EDITION STATEMENT | |
| Edition statement | 2nd |
| 260 ## - PUBLICATION, DISTRIBUTION, ETC. | |
| Name of publisher, distributor, etc. | Pitman Publishing, |
| Date of publication, distribution, etc. | 1997 |
| 300 ## - PHYSICAL DESCRIPTION | |
| Extent | 798 |
| 520 ## - SUMMARY, ETC. | |
| Summary, etc. | The book provides a comprehensive overview of the subject and focuses on current controversial issues to illustrate the debates. Preface, Human Resource Management and its Organizational Context, An Introduction to Human Resource Management, Human Resource Management in Content, Resourcing the Organization, Human Resource Management and the Labor Market, Human Resource Planning: Control to Seduction?, Job Design: Signs and Symbols and Re-sign-ations, Recruitment and Selection, Developing the Human Resource, Learning and Development, The National Framework for Vocational Education, Training, Management Development, The Employment Relationship, The Employment Relationship and Contractual Regulation, Collective Bargaining, Remuneration and Reward, Employee Involvement, Managing Human Resources in the Public Sector, International Human Resource Management, International Resource Management and Europe, Human Resource Management and the USA, Huma Resource Management and Japan, Index. |
| 700 1# - ΠΡΟΣΘΕΤΗ ΑΝΑΓΡΑΦΗ--ΦΥΣΙΚΟ ΠΡΟΣΩΠΟ | |
| Personal name | Beardwell Ian |
| 9 (RLIN) | 1243 |
| 700 1# - ΠΡΟΣΘΕΤΗ ΑΝΑΓΡΑΦΗ--ΦΥΣΙΚΟ ΠΡΟΣΩΠΟ | |
| Personal name | Holden Len |
| 9 (RLIN) | 1051 |
| 942 ## - ADDED ENTRY ELEMENTS (KOHA) | |
| Koha item type | Books |
| Τύπος τεκμηρίου | Βιβλιοθήκη | Τρέχουσα τοποθεσία | Barcode | Αριθμός εισαγωγής | Ημερομηνία απόκτησης | Ταξιθετικό σύμβολο | Αριθμός αντιτύπου | Κατάσταση απόσυρσης | Κατάσταση χαμένου | Κατάσταση κατεστραμμένου | Μη δανεισμός | Σύνολο δανεισμών | Ημερομηνία τελευταίας εμφάνισης | Η τιμή ισχύει από |
|---|---|---|---|---|---|---|---|---|---|---|---|---|---|---|
| Books | MC Athens Campus Library | MC Athens Campus Library | 9780000009289 | 1588 | 05/06/2025 | 658.3 BEA | 2 | 05/06/2025 | 05/06/2025 |